Astronomy and Astrophysics (Record no. 6750)

MARC details
000 -LEADER
fixed length control field 00710nam a2200229Ia 4500
003 - CONTROL NUMBER IDENTIFIER
control field IN-BaIIA
008 - FIXED-LENGTH DATA ELEMENTS--GENERAL INFORMATION
fixed length control field 211028s9999 xx 000 0 eng d
020 ## - INTERNATIONAL STANDARD BOOK NUMBER
International Standard Book Number 3-540-10134-9
040 ## - CATALOGING SOURCE
Transcribing agency IIA Library
080 ## - UNIVERSAL DECIMAL CLASSIFICATION NUMBER
Universal Decimal Classification number 048.1:52
Item number 79-26
100 ## - MAIN ENTRY--PERSONAL NAME
Personal name Bohme, S
9 (RLIN) 9376
245 #0 - TITLE STATEMENT
Title Astronomy and Astrophysics
Remainder of title vol. 26, pt. 2, literature 1979
Statement of responsibility, etc. S. Bohme.., [et al.]
260 ## - PUBLICATION, DISTRIBUTION, ETC.
Place of publication, distribution, etc. Berlin
Name of publisher, distributor, etc. Springer-Verlag
Date of publication, distribution, etc. 1980
300 ## - PHYSICAL DESCRIPTION
Extent x, 794p.
650 ## - SUBJECT ADDED ENTRY--TOPICAL TERM
Topical term or geographic name entry element Abstracts-Astronomy and Astrophysics
9 (RLIN) 6051
650 ## - SUBJECT ADDED ENTRY--TOPICAL TERM
Topical term or geographic name entry element Astronomy and Astrophysics Abstracts
9 (RLIN) 6052
650 ## - SUBJECT ADDED ENTRY--TOPICAL TERM
Topical term or geographic name entry element Astronomy and Astrophysics Thesaurus
700 ## - ADDED ENTRY--PERSONAL NAME
Personal name Esser, U.
9 (RLIN) 9455
700 ## - ADDED ENTRY--PERSONAL NAME
Personal name Fricke, W.
9 (RLIN) 9456
700 ## - ADDED ENTRY--PERSONAL NAME
Personal name Heinrich, I.
9 (RLIN) 9916
942 ## - ADDED ENTRY ELEMENTS (KOHA)
Koha item type Books
Holdings
Withdrawn status Lost status Source of classification or shelving scheme Damaged status Not for loan Home library Current library Shelving location Date acquired Total Checkouts Full call number Barcode Date last seen Price effective from Koha item type Purchase Price
    Dewey Decimal Classification     IIA Library-Bangalore IIA Library-Bangalore General Stacks 16/06/1981   048.1:52/ AAA-26 7509 05/11/2021 16/06/1981 Books  

Powered by Koha